000 00709nam a22001815i 4500
001 165299
003 ES-MaACL
005 20250716062537.0
008 050906s1839 fr | |||||||| ||fre d
040 _aCAM
_bspa
_cCAM
100 1 _aShakespeare, William,
_d1564-1616
_9105992
245 1 0 _aOeuvres complètes de Shakspeare /
_ctraduction ... par Francisque Michel et précédée de la vie de Shakspeare par Wordsworth.
260 _aParis :
_bH. Delloye :
_bet chez Firmin Didot Frères,
_c1839 (
_fImprimerie de Boulé et Comp.)
300 _a3 v. ;
_c24 cm.
700 0 _aMichel, Francisque.
_980892
852 _aES-MaACL
_jB-1336-1338
_z-- Enc. hol.
_q-- El T. I falto de port.
999 _c165299
_d165299